000 00459cam a2200181 i 4500
020 _a0716701790
040 _cDLC
082 _a574 FRE 1977 A057 Or.
100 1 _aClark, John Magruder,
245 1 0 _aExperimental biochemistry /
250 _a2d ed.
260 0 _aSan Francisco :
_bW. H. Freeman,
_cc1977.
300 _axii, 335 p. :
_bill. ;
_c28 cm.
650 0 _aBiochemistry
650 2 _aBiochemistry
700 1 _aSwitzer, Robert L.
942 _cEK
999 _c14095
_d14095